Statistics for Famous Executions

Click here to take the quiz!

General Stats

  • This quiz has been taken 290 times
    (274 since last reset)
  • The average score is 10 of 26

Answer Stats

WhenWhereWho% Correct
c.33 ADCalvary, Jerusalem, JudeaJesus of Nazareth
95%
Jan 21, 1793Place de la Revolution, ParisLouis XVI
75%
Dec 30, 2006Camp Justice, BaghdadSaddam Hussein
75%
Jul 17, 1918Ipatiev House, Yekaterinburg, RussiaNicholas II and Alexandra
74%
May 19, 1536Tower of LondonAnne Boleyn
72%
Oct 16, 1793Place de la Revolution, ParisMarie Antoinette
70%
Apr 28, 1945Giulino di Mezzegra, ItalyBenito Mussolini
66%
Jan 30, 1649Palace of Whitehall, LondonCharles I
60%
Jan 31, 1606Palace of Westminster, LondonGuy Fawkes
54%
Jul 28, 1794Place de la Revolution, ParisMaximilien de Robespierre
46%
Feb 8, 1587Fotheringhay Castle, NorthamptonshireMary, Queen of Scots
39%
Nov 11, 1880Melbourne Gaol, AustraliaNed Kelly
35%
Dec 25, 1989an agricultural center near Targoviste, RomaniaNicolae Ceausescu
31%
May 31, 1962a prison in Ramla, IsraelAdolf Eichmann
27%
Jun 19, 1953Sing Sing Correctional Facility, New YorkJulius and Ethel Rosenberg
24%
Oct 29, 1618Palace of Westminster, LondonSir Walter Raleigh
24%
Jun 11, 2001United States Penitentiary, Terre Haute, IndianaTimothy McVeigh
24%
Aug 23, 1305the Elms at Smithfield, LondonWilliam Wallace
23%
May 10, 1994Stateville Correctional Center, IllinoisJohn Wayne Gacy
21%
Dec 2, 1859Jefferson County jail, Charles Town, VirginiaJohn Brown
20%
c.32 ADMachaerus, Perea (present-day Jordan)John the Baptist
13%
Oct 15, 1917Vincennes Barracks, ParisMata Hari
13%
Sep 22, 1776Park of Artillery, New York CityNathan Hale
13%
Jun 30, 1882Washington DC jailCharles Guiteau
9%
Nov 11, 1831Jerusalem, Southampton County, VirginiaNat Turner
6%
Aug 19, 1936Fuente Grande, Alfacar, SpainFederico Garcia Lorca
2%

Score Distribution

Percentile by Number Answered

Percent of People with Each Score

Your Score History

You have not taken this quiz since the last reset